Normal view
MARC view
Entry Topical Term
001 - CONTROL NUMBER
- control field: 36673
003 - CONTROL NUMBER IDENTIFIER
- control field: ARRUPE
005 - DATE AND TIME OF LATEST TRANSACTION
- control field: 20171003114614.0
008 - FIXED-LENGTH DATA ELEMENTS
- fixed length control field: 171003|| aca||aabn | a|a d
040 ## - CATALOGING SOURCE
- Original cataloging agency: ARRUPE
- Transcribing agency: ARRUPE
150 ## - HEADING--TOPICAL TERM
- Topical term or geographic name as entry element: Education, Secondary
- Geographic subdivision: France
- General subdivision: History.
670 ## - SOURCE DATA FOUND
- Source citation: Work cat.: (ARRUPE)0: Durkheim, Émile, 1858-1917. 36672, The evolution of educational thought :, 1977.